000
00248nam a22001097a 4500
008
240531b |||||||| |||| 00| 0 eng d
100
_a
Rawlani, Kodo
_9
15061
245
_a
Beena
260
_a
Ahemdabad
_b
A.Pub.
_c
1968
300
_a
101p.
942
_c
BK
999
_c
39434
_d
39434